000 00201 a2200097 4500
001 18001
100 _aHavighurst, R J
245 _aSociety and education
260 _a
_b3rd
_c
090 _c13305
_d13305
942 _aNUST-CAE
_cM
_c3676
999 _c253074
_d253074